000 01669nam a22002057a 4500
005 20221107113740.0
008 221107b ||||| |||| 00| 0 eng d
020 _a9781398518179
040 _cAL
041 _aeng
082 _223
_a813.54
_bHOOI
100 _aColleen Hoover
_961218
245 _aIt starts with us
260 _aLondon
_bSimon & Schuster
_c2022
300 _a323p.
_bPB
_c23X15cm
365 _2General
_a5284
_b₹559.00
_c
_d₹699.00
_e20%
_f29-10-2022
520 _a Before It Ends with Us, it started with Atlas. Colleen Hoover tells fan favourite Atlas’s side of the story and shares what comes next in this long-anticipated sequel to the #1 Sunday Times bestseller It Ends with Us Lily and her ex-husband, Ryle, have just settled into a civil co-parenting rhythm when she suddenly bumps into her first love, Atlas, again. After nearly two years separated, she is elated that for once, time is on their side, and she immediately says yes when Atlas asks her on a date. But her excitement is quickly hampered by the knowledge that, though they are no longer married, Ryle is still very much a part of her life—and Atlas Corrigan is the one man he will hate being in his ex-wife and daughter’s life. Switching between the perspectives of Lily and Atlas, It Starts with Us picks up right where the epilogue for the bestselling phenomenon It Ends with Us left off. Revealing more about Atlas’s past and following Lily as she embraces a second chance at true love while navigating a jealous ex-husband, it proves that “no one delivers an emotional read like Colleen Hoover”
650 _2Literature
_aFiction
_961219
942 _2ddc
_cBK
999 _c225036
_d225036